| 000 | 00357nam a2200145Ia 4500 | ||
|---|---|---|---|
| 008 | 230917s9999||||xx |||||||||||||| ||und|| | ||
| 040 |
_e40666 _aMAIN |
||
| 041 | _aEnglish | ||
| 082 | _a820.9 A14C | ||
| 100 | _aAnand, Mulk Raj | ||
| 245 | 0 | _aConversations in bloomsbury | |
| 260 |
_aNew Delhi _bArnold-Heinemann _c1981 |
||
| 300 | _a159 p. | ||
| 942 | _cBK | ||
| 999 |
_c230952 _d230952 |
||